00981nam a22002417a 4500003000500000005001700005008004100022010001000063011001000073035001100083040000900094100003100103245022400134260004000358300002500398502010800423530003600531650002400567650001500591650003800606650003100644856006400675CHAP20240201062650.0081021s2008 mx r 00010 spa d a95280 a96252 a106899 cCHAP1 aRuvalcaba Estrada, Sergio.10aResistencia sistémica a Cucuber mosaic virus mediante Bacillus subtilis, Sacchoromyces cerevisiae, miel y ácido acetil salicílico en calabacita (Cucurbita pepo L.) var. zucchini greyc/por Sergio Ruvalcaba Estrada aChapingo, Méx. :bEl autor,c2008 avi, 41 h. :bcuadros aTesis (Ing. Agr. Esp. en Parasitología Agrícola) - UACH. Departamento de Parasitología Agrícola aTambién disponible en línea04aAcido salicílico.04aBacterias.04aCalabazazEnfermedades por virus.07aSaccharomyces cerevisiae2 3Finding aiduhttp://10.13.5.2/tesis/106899.pdfzTeclea aqui